000 00393nam a2200121Ia 4500
005 20251222144811.0
008 251222s9999||||xx |||||||||||||| ||spa||
020 _a978-92-2-319118-4
082 _a344.01/O65P
245 0 _aPrincipios y Directrices no Vinculantes para un Enfoque de las Migraciones Laborales basado en los Derechos
264 _bOficina Internacional del Trabajo
942 _cLIB
999 _c20099
_d20099